000 00334nam a22001451a 4500
082 _a294.5921
_bBHA/V
100 _aBhat G N
245 _aVedic nighantu/
_cby Bhat G N
260 _aMangalore:
_bDigantha Mudrana,
_c1992.
300 _a198p.
650 _aVedic Literature
650 _aHinduism
650 _aReligion
942 _cBK
999 _c49504
_d49504